| 000 | 00600cam a22001931 4500 | ||
|---|---|---|---|
| 001 | 000018748 | ||
| 005 | 20200929165842.0 | ||
| 008 | 760506s1954 fr 000 1 fre | ||
| 040 |
_aDO-SdBNP _cPBL _dOCoLC _dDLC _dBNPHU |
||
| 082 |
_a843.914 _bC421c |
||
| 100 | 1 |
_aCesbron, Gilbert, _d1913-1979 _939609 |
|
| 245 | 1 | 0 |
_aChiens perdus sans collier / _cGilbert Cesbron. |
| 260 |
_aParÃs : _bLarge Vision, _c1954. |
||
| 300 |
_a386 p. ; _c19 cm. |
||
| 650 | 4 |
_aNovela francesa _ySIGLO XX _940463 |
|
| 650 | 4 |
_aLiteratura francesa _ySIGLO XX _94232 |
|
| 910 | _aCatalogación derivada / LC | ||
| 049 | _aBNGR | ||
| 999 |
_c18268 _d18268 |
||